000 00515nam a2200193 4500
003 LK-CoMWRAF
005 20230904213442.0
008 230904b2008 |||||||| |||| 00| 0 eng d
020 _a9789558643052
040 _aLK-CoMWRAF
_dLK-CoMWRAF
_eLK-CoMWRAF
041 _aeng
082 _a823
_bHAR
100 _aHarris, Simon
110 _aSilva, Neluka
245 _aThe Rolled back beach :
_bStories from the Tsunami
260 _aColombo :
_bInscript (PVT) Ltd,
_c2008
650 _aEnglish Fiction
942 _cBK
999 _c3393
_d3393